Communications device data : (Record no. 61488)

000 -LEADER
fixed length control field 00637nam a22001937a 4500
003 - CONTROL NUMBER IDENTIFIER
control field NUST-PNEC
005 - DATE AND TIME OF LATEST TRANSACTION
control field 20170116180723.0
008 - FIXED-LENGTH DATA ELEMENTS--GENERAL INFORMATION
fixed length control field 141029b xxu||||| |||| 00| 0 eng d
040 ## - CATALOGING SOURCE
Transcribing agency PNEC
082 ## - DEWEY DECIMAL CLASSIFICATION NUMBER
Classification number 621.381'325 MOT
100 ## - MAIN ENTRY--PERSONAL NAME
9 (RLIN) 858
Personal name Motorola
245 ## - TITLE STATEMENT
Title Communications device data :
250 ## - EDITION STATEMENT
Edition statement Revised ed.
260 ## - PUBLICATION, DISTRIBUTION, ETC.
Place of publication, distribution, etc. Phoenix, Ariz. :
Name of publisher, distributor, etc. Motorola,
Date of publication, distribution, etc. c1995.
300 ## - PHYSICAL DESCRIPTION
Extent 1 vol (various pagings)
Dimensions 24 cm.
500 ## - GENERAL NOTE
General note http://www.amazon.com/Communications-Device-Data/dp/B000GHH0T6/ref=sr_1_6?s=books&ie=UTF8&qid=1414566610&sr=1-6&keywords=communications+device+data+by+motorola
650 ## - SUBJECT ADDED ENTRY--TOPICAL TERM
General subdivision EL, EE
942 ## - ADDED ENTRY ELEMENTS (KOHA)
Source of classification or shelving scheme
Koha item type Book
Holdings
Withdrawn status Lost status Source of classification or shelving scheme Damaged status Not for loan Permanent Location Current Location Shelving location Date acquired Source of acquisition Cost, normal purchase price Total Checkouts Full call number Barcode Date last seen Cost, replacement price Price effective from Koha item type
          Pakistan Navy Engineering College (PNEC) Pakistan Navy Engineering College (PNEC) Reference 03/06/1998 Fair Book Centre 1830.00   621.381'325 MOT PNECLIB-020025 10/29/2014 1830.00 03/06/1998 Book
© 2023 Central Library, National University of Sciences and Technology. All Rights Reserved.